000 00501nam a2200181Ia 4500
008 230711s9999||||xx |||||||||||||| ||und||
020 _a978-93-5110-531-2
041 _aENG
082 _a1.642
_bGO-D
100 _aGoyal, Vishal
245 2 _aA Simplified Approach to Data Structures
250 _a2nd Reprint Ed.
260 _c2018
_aNew Delhi
_bShroff Publishers & Distributors Pvt. Ltd ( O'REILLY)
300 _a533p.
650 _aComputer Engineering
700 _aGoyal, Lalit
942 _cBK
999 _c6931
_d6931